| 000 | 00555nam a2200193 a 4500 | ||
|---|---|---|---|
| 001 | 3316 | ||
| 005 | 20140414131915.0 | ||
| 008 | 040601s19uu xx 00 eng d | ||
| 020 | _a0-8136-4620-0 | ||
| 050 |
_aER _bC63 1991 |
||
| 100 | _aSlater, Teddy | ||
| 245 |
_aCow that could tap dance (The) / _cby Teddy Slater; pictures by Sandra Forrest. |
||
| 260 |
_a[s.l.] : _bModern Curriculum Press, _c1991. |
||
| 300 | _a1 v. (unp.) : ill. ; cm. | ||
| 440 | _aIs That So? | ||
| 650 | _aCows--Fiction. | ||
| 650 | _aChildren stories. | ||
| 999 |
_c111449 _d111449 |
||